| Tag |
First Indicator |
Second Indicator |
Subfields |
| LEADER |
00000cam a2200000Ia 4500 |
| 001 |
in00002369421 |
| 005 |
20210810090522.0 |
| 006 |
m d |
| 007 |
cr cn||||||||| |
| 008 |
080128s2007 gw a sb 101 0 eng d |
| 020 |
|
|
|a 3540716181
|
| 020 |
|
|
|a 9783540716181
|
| 035 |
|
|
|a (OCoLC)191468328
|
| 035 |
|
|
|a (OCoLC)ocn191468328
|
| 037 |
|
|
|a 978-3-540-71589-4
|b Springer
|n http://www.springerlink.com
|
| 040 |
|
|
|a GW5XE
|c GW5XE
|d GW5XE
|d UtOrBLW
|
| 049 |
|
|
|a TEFA
|
| 050 |
1 |
4 |
|a QA76.9.A43
|b I52 2007eb
|
| 072 |
|
7 |
|a QA
|2 lcco
|
| 082 |
0 |
4 |
|a 005.1
|2 22
|
| 111 |
2 |
|
|a ICANNGA (Conference)
|n (8th :
|d 2007 :
|c Warsaw, Poland)
|0 http://id.loc.gov/authorities/names/nb2007013228
|
| 245 |
1 |
0 |
|a Adaptive and natural computing algorithms :
|b 8th international conference, ICANNGA 2007, Warsaw, Poland, April 11-14, 2007 : proceedings /
|c Bartłomiej Beliczyński [and others] (eds.).
|
| 246 |
3 |
0 |
|a ICANNGA 2007
|
| 264 |
|
1 |
|a Berlin ;
|a New York :
|b Springer,
|c [2007]
|
| 264 |
|
4 |
|c ©2007
|
| 300 |
|
|
|a 2 volumes :
|b illustrations ;
|c 24 cm.
|
| 336 |
|
|
|a text
|b txt
|2 rdacontent
|
| 337 |
|
|
|a computer
|b c
|2 rdamedia
|
| 338 |
|
|
|a online resource
|b cr
|2 rdacarrier
|
| 490 |
1 |
|
|a LNCS sublibrary. SL 1, Theoretical computer science and general issues
|
| 490 |
1 |
|
|a Lecture notes in computer science,
|x 0302-9743 ;
|v 4431-4432
|
| 500 |
|
|
|a "ICANNGA, ... since the Coimbra conference in 2005, stands for International Conference on Adaptive and Natural Computing Algorithms"--Pref.
|
| 500 |
|
|
|a Electronic resource.
|
| 504 |
|
|
|a Includes bibliographical references and index.
|
| 505 |
0 |
|
|a pt. 1. Evolutionary computation. Genetic algorithms. Particle swarm optimization. Learning, optimization and games. Fuzzy and rough systems. Classification and clustering -- pt. 2. Neural networks. Support vector machines. Biomedical signal and image processing. Biometrics. Computer vision. Control and robotics.
|
| 533 |
|
|
|a Electronic reproduction.
|b New York :
|c Springer,
|d 2008.
|n Mode of access: World Wide Web.
|n System requirements: Web browser.
|n Title from title screen (viewed on Jan. 24, 2008).
|n Access may be restricted to users at subscribing institutions.
|
| 650 |
|
0 |
|a Adaptive computing systems
|v Congresses.
|
| 650 |
|
0 |
|a Bioinformatics
|v Congresses.
|0 http://id.loc.gov/authorities/subjects/sh2007101998
|
| 650 |
|
0 |
|a Computer algorithms
|v Congresses.
|0 http://id.loc.gov/authorities/subjects/sh2008101223
|
| 650 |
|
0 |
|a Machine learning
|v Congresses.
|0 http://id.loc.gov/authorities/subjects/sh2008107143
|
| 650 |
|
0 |
|a Neural computers
|v Congresses.
|0 http://id.loc.gov/authorities/subjects/sh2008108384
|
| 650 |
|
0 |
|a Neural networks (Computer science)
|v Congresses.
|0 http://id.loc.gov/authorities/subjects/sh2008108385
|
| 655 |
|
7 |
|a Electronic books.
|2 local
|
| 700 |
1 |
|
|a Beliczyński, Bartłomiej.
|0 http://id.loc.gov/authorities/names/n2001001325
|
| 710 |
2 |
|
|a SpringerLink (Online service)
|0 http://id.loc.gov/authorities/names/no2005046756
|
| 776 |
1 |
|
|c Original
|z 9783540715894
|z 3540715894
|z 9783540715900
|z 3540715908
|w (DLC) 2007923870
|w (OCoLC)122935618
|
| 830 |
|
0 |
|a LNCS sublibrary.
|n SL 1,
|p Theoretical computer science and general issues.
|0 http://id.loc.gov/authorities/names/no2007042902
|
| 830 |
|
0 |
|a Lecture notes in computer science.
|x 0302-9743 ;
|v 4431-4432.
|0 http://id.loc.gov/authorities/names/n42015162
|
| 856 |
4 |
0 |
|u http://proxy.library.tamu.edu/login?url=https://dx.doi.org/10.1007/978-3-540-71618-1
|z Connect to the full text of this electronic book
|t 0
|
| 994 |
|
|
|a C0
|b TEF
|
| 999 |
|
|
|a MARS
|
| 999 |
f |
f |
|s df6cc6a8-67e8-3ad6-a059-3fe91e0b3d0a
|i d6ae27ff-7d59-34ef-af38-1acc37e37c13
|t 0
|
| 952 |
f |
f |
|a Texas A&M University
|b College Station
|c Electronic Resources
|d Available Online
|t 0
|e QA76.9.A43 I52 2007eb
|h Library of Congress classification
|
| 998 |
f |
f |
|a QA76.9.A43 I52 2007eb
|t 0
|l Available Online
|